| 000 | 01070nam a2200265Ia 4500 | ||
|---|---|---|---|
| 003 | OSt | ||
| 005 | 20221005104610.0 | ||
| 006 | a|||||r|||| 00| 0 | ||
| 007 | ta | ||
| 008 | 221004b |||||||| |||| 00| 0 hin d | ||
| 020 |
_a9788183618571 (hbk (Set)) _cINR 1600.00 |
||
| 024 | _a68430 | ||
| 037 |
_b063, 04/03/2021, Classic Book Service _cTextual |
||
| 040 |
_aCRL _cCRL _bhin |
||
| 041 |
_2hin _ahin |
||
| 082 | _aY5927.2'P, Q7.1-.4 | ||
| 100 |
_aनैमिशराय, मोहनदास, ले. _9158876 |
||
| 245 | 0 | _aभारतीय दलित आन्दोलन का इतिहास | |
| 246 | _aBhāratīya dalit āndolan kā itihāsa | ||
| 260 |
_aदिल्ली _bराधाकृष्ण प्रकाशन भारत _c2017 |
||
| 490 | _vखंड 1 | ||
| 650 | _aभारतीय-लोक साहित्य | ||
| 942 |
_hY5927.2'P, Q7.1-.4 _cTEXL _2cc |
||
| 999 |
_c1013209 _d1013209 |
||